Geography knowledge quiz - Statistics

General Stats
  • This quiz has been taken 34 times
    9 since last reset
  • The average score is 20 of 30
Answer Stats
Hint Answer % Correct
Biggest river in South America Amazon
100%
Biggest island in the world Greenland
100%
Machu Picchu is in this country Peru
100%
Highest building in the world Burj Khalifa
86%
Highest populated state in the United States California
86%
City in India, also known as Bombay Mumbai
86%
Biggest desert in the world Sahara
86%
Biggest city in China Shanghai
86%
Capital of the United States Washington D.C
86%
Highest waterfall in the world Angel Falls
71%
Biggest city in Queensland, Australia Brisbane
71%
Jack Sparrow is captain of what sea Caribbean Sea
71%
Island between Ireland and England Isle of Man
71%
Country where Lord of the Rings are filmed New Zealand
71%
Country who hosted the 2022 football World Cup Qatar
71%
Biggest country by area Russia
71%
Country that gained independence from Sudan in 2011 South Sudan
71%
Capital of Iran Tehran
71%
River that flows through London Thames
71%
Smallest country in the world Vatican City
71%
Capital of Poland Warsaw
71%
Busiest airport in the world (city) Atlanta
57%
Highest mountain in Africa Kilimanjaro
57%
Empire in 1299-1923 in Western Asia, Southeast Europe and Northern Africa Ottoman Empire
57%
Biggest lake in the world Caspian Sea
43%
Chichen Itza is located in what peninsula Yucatan Peninsula
43%
Country in 1918-2003, which was located in Southern Europe Yugoslavia
43%
Island country, where Dodo bird once lived Mauritius
29%
Highest populated island in the world Java
14%
Gulf that separates Africa and Middle East Red Sea
14%
No matching quizzes found
Score Distribution
Percent of People with Each Score
Percentile by Number Answered
Your Score History
You have not taken this quiz since the last reset